| 000 | 00354nam a2200133Ia 4500 | ||
|---|---|---|---|
| 005 | 20251222140057.0 | ||
| 008 | 251222s1900||||xx |||||||||||||| ||spa|| | ||
| 020 | _a84-254-1982-4 | ||
| 082 | _a183/R31 | ||
| 100 | _a"Reale, Giovanni" | ||
| 245 | 0 | _aLa sabidurÃa antigua: Terapia para los males del hombre contemporáneo | |
| 264 | _bHerder | ||
| 942 | _cLIB | ||
| 999 |
_c3813 _d3813 |
||